000
00256nam a2200121Ia 4500
003
OSt
005
20240224130542.0
040
_c
LCC
050
_a
G 155.9 .S65 2010
100
_a
SMITH,MELANIE
245
0
_a
KEY CONCEPTS IN TOURISM STUDIES
942
_c
BK
_2
lcc
999
_c
71045
_d
71045